| 000 | 01040nam a22003257a 4500 | ||
|---|---|---|---|
| 003 | CHAP | ||
| 005 | 20220329133743.0 | ||
| 008 | 971013s1980 r 00010 d | ||
| 010 | _a10388 | ||
| 011 | _a11360 | ||
| 035 | _a10598 | ||
| 040 | _cCHAP | ||
| 082 |
_a519.5 _bC43 |
||
| 100 | 0 | 0 |
_aChakravarti, I. M. _921738 |
| 245 | _aAsymptotic theory of statitical test and estimation | ||
| 260 |
_aNew York, : _bAcademic Press, _c1980 |
||
| 300 |
_a350 p. _b: gráfs |
||
| 590 |
_aBATCH-UPD _b10 _c20130110 _lUCH01 _h0335 |
||
| 590 |
_aBATCH-UPD _b10 _c20130110 _lUCH01 _h1734 |
||
| 590 |
_aBATCH-UPD _b10 _c20130410 _lUCH01 _h0008 |
||
| 590 |
_aBATCH-UPD _b10 _c20130410 _lUCH01 _h1503 |
||
| 590 |
_aBATCH-UPD _b10 _c20130914 _lUCH01 _h0917 |
||
| 590 |
_aCONVERSION _b10 _c20130109 _lUCH01 _h1307 |
||
| 650 | 1 | 4 |
_aEstadística. _938241 |
| 650 | 1 | 4 |
_aEstimación, teoría de la. _938311 |
| 650 | 1 | 4 |
_aSeries asintóticas. _9105109 |
| 901 | _aBK | ||
| 942 | _cLIBRO | ||
| 949 |
_a519.5 C43 _bBC _cLIBRO _d33724000410205 _eLIBRO _h55709 _i10598 _si _t918.00 |
||
| 999 |
_c10388 _d10388 |
||